000
00366nam a2200133Ia 4500
008
231129s1978||||xx |||||||||||||| ||spa||
020
_a
84-02-05621-0
082
_a
HAJ- 0194
100
_a
Castells Paulino
245
0
_a
El hijo subnormal
260
_c
1978
264
_a
Barcelona EspaƱa: Bruguera 1978
942
_2
ddc
_c
BKS
999
_c
11235
_d
11235